Concurrent Resolution on the Budget, FY89.

Bibliographic Details
Corporate Authors: United States. Congress. House. Committee on the Budget, ProQuest (Firm)
Format: Government Document eBook
Language:English
Published: Washington : [publisher not identified], 1988.
Series:United States congressional serial set.
Subjects:
Online Access:Connect to the full text of this electronic book

MARC

Tag First Indicator Second Indicator Subfields
LEADER 00000cam a22000001a 4500
001 in00002874313
005 20190331173813.0
006 m o d
007 cr bn mmmapmmp
008 110629s1988 dcuad o f000 0 eng d
035 |a cis2004625346 
040 |a ProQuest  |c ProQuest  |d UtOrBLW 
043 |a n-us--- 
086 0 |a Y 1.1/8:100-523 
099 |a ProQuest Serial Set Number 13890 H.rp.523 
110 1 |a United States.  |b Congress.  |b House.  |b Committee on the Budget. 
245 1 0 |a Concurrent Resolution on the Budget, FY89. 
264 1 |a Washington :  |b [publisher not identified],  |c 1988. 
300 |a 1 online resource. 
336 |a text  |b txt  |2 rdacontent 
337 |a computer  |b c  |2 rdamedia 
338 |a online resource  |b cr  |2 rdacarrier 
490 0 |a H. Rpt. 100-523 
500 |a Record is based on bibliographic data in ProQuest U.S. Serial Set Digital Collection (last viewed June 2011). Reuse except for individual research requires license from ProQuest, LLC. 
510 3 |a ProQuest U.S. Serial Set Digital Collection 
500 |a Electronic resource. 
650 0 |a Budget  |z United States. 
650 0 |a Credit. 
650 0 |a Economic policy. 
655 7 |a Electronic books.  |2 local 
710 2 |a ProQuest (Firm) 
830 0 |a United States congressional serial set. 
856 4 0 |u http://proxy.library.tamu.edu/login?url=http://congressional.proquest.com/congcomp/getdoc?SERIAL-SET-ID=13890+H.rp.523  |z Connect to the full text of this electronic book  |t 0 
999 |a MARS 
999 f f |s 20d9ea4f-9c1b-3e61-b5e2-4be3a4ce91b8  |i 74448afc-27d9-34b8-b902-55dc1ad9c875  |t 0 
952 f f |a Texas A&M University  |b College Station  |c Electronic Resources  |d Available Online  |t 0  |e ProQuest Serial Set Number 13890 H.rp.523  |h Other scheme 
998 f f |a ProQuest Serial Set Number 13890 H.rp.523  |t 0  |l Available Online